| 000 | 00595nam a2200181 i 4500 | ||
|---|---|---|---|
| 001 | 33759 | ||
| 003 | ES-MaACL | ||
| 005 | 20230906154821.0 | ||
| 007 | t| | ||
| 008 | 030203s1966 sp ||||1| spa d | ||
| 100 | 1 |
_aBixby, William. _929036 |
|
| 245 | 1 | 3 |
_aEl universo de Galileo y Newton / _cpor William Bixby ; Asesor Giorgio de Santillana ; traducido por Antonio Ribera. |
| 260 |
_aBarcelona : _bTimun Mas, _c1966. |
||
| 300 |
_a153 p., 8 lám. : _bil. ; _c26 cm. |
||
| 700 | 1 |
_aRibera, Antonio. _996769 |
|
| 700 | 1 |
_aSantillana, Giorgio de. _9103421 |
|
| 852 |
_aES-MaACL _jC-32952 _bR.63615 |
||
| 999 |
_c33759 _d33759 |
||